Statistics for 10 random countries

Click here to take the quiz!

General Stats

  • This quiz has been taken 14 times
  • The average score is 10 of 12

Answer Stats

HintAnswer% Correct
BudapestHungary
91%
small middle eastKuwait
91%
North AfricaLibya
91%
Island in mediteranianCyprus
82%
Border russiaFinland
82%
border congo and kenyaUganda
82%
ends with "stan"Uzbekistan
82%
starts with C (in europe)Croatia
73%
located over latviaEstonia
73%
big african country (no coastline)Mali
73%
in oceaniaNew zealand
73%
South America (up north)Venezuela
64%

Score Distribution

Percentile by Number Answered

Percent of People with Each Score

Your Score History

You have not taken this quiz